[Event "3rd HoliCup Lake City 2019"]
[Site "Udaipur"]
[Date "2019.03.29"]
[Round "4.11"]
[White "Anchit, Vyas"]
[Black "Garv, Gaur"]
[Result "1/2-1/2"]
[WhiteElo "1890"]
[BlackElo "1711"]
[Annotator "NA"]
[PlyCount "60"]
[EventDate "2019.??.??"]
[EventCountry "IND"]
[SourceTitle "playchess.com"]
[Source "ChessBase"]
[SourceQuality "1"]
[TimeControl "5400+30"]

1. d4 {[%emt 0:00:00]} d5 {[%emt 0:00:07]} 2. c4 {[%emt 0:00:00]} e6 {[%emt 0:00:10]} 3. Nc3 {[%emt 0:00:00]} Nf6 {[%emt 0:00:34]} 4. Bg5 {[%emt 0:00:00]} Be7 {[%emt 0:00:47]} 5. cxd5 {[%emt 0:00:00]} exd5 {[%emt 0:00:13]} 6. Qc2 {[%emt 0:00:00]} c6 {[%emt 0:01:09]} 7. e3 {[%emt 0:00:01]} h6 {[%emt 0:01:01]} 8. Bh4 {[%emt 0:00:04]} O-O {[%emt 0:00:47] D36: Queen's Gambit Declined: Exchange Variation: Main line (5 Bg5 c6 6 Qc2)} 9. Nf3 {[%emt 0:00:13]} (9. Bd3 Re8 10. Nge2 Nh5 11. Bxe7 Qxe7 12. h3 a5 13. a3 Nd7 14. Na4 Qh4 15. g3 Qd8 16. g4 Nhf6 17. Ng3 Nf8 18. O-O-O {1-0 (67) Caruana,F (2799)-Kramnik,V (2803) Douglas 2017 CBM 181 [Marin,M]}) 9... Qa5 {[%emt 0:03:45]} 10. Bd3 {[%emt 0:01:37]} Na6 {[%emt 0:03:19]} 11. O-O $146 {[%emt 0:12:23]} ({Predecessor:} 11. Qd1 Be6 12. O-O Nb4 13. Bb1 c5 14. dxc5 Qxc5 15. Nd4 Rad8 16. Bg3 Bd6 17. a3 {1-0 (39) Lafuente,P (2435)-Gonzalez Davila,R (2263) Botucatu 2003}) 11... Nb4 {[%emt 0:02:39]} 12. Qe2 {[%emt 0:00:05]} Nxd3 {[%emt 0:00:13]} 13. Qxd3 {[%emt 0:00:03]} Be6 {[%emt 0:15:01]} 14. Ne5 {[%emt 0:05:45]} Rae8 {[%emt 0:09:24]} 15. f4 {[%emt 0:13:05]} Qc7 {[%emt 0:06:43]} 16. Rac1 {[%emt 0:14:35]} Ne4 {[%emt 0:10:33]} 17. f5 {[%emt 0:17:25]} Bxh4 {[%emt 0:07:43]} 18. fxe6 {[%emt 0:00:05]} fxe6 {[%emt 0:02:06]} 19. Nxe4 {[%emt 0:01:04]} dxe4 {[%emt 0:00:35]} 20. Qxe4 {[%emt 0:03:58]} Bf6 {[%emt 0:02:07]} 21. Ng6 {[%emt 0:08:34]} Rf7 $11 {[%emt 0:00:12]} 22. h4 {[%emt 0:05:57]} Qd7 {[%emt 0:03:08]} 23. Rc5 {[%emt 0:01:25]} Bd8 {[%emt 0:04:35]} 24. Rf3 Rf6 25. Rxf6 {[%emt 0:03:50]} Qf7 {[%emt 0:00:37]} 26. h5 Bxf6 {[%emt 0:02:23]} 27. g3 Bg5 28. g4 {[%emt 0:04:14]} Qc7 {[%emt 0:07:50]} 29. Kg2 {[%emt 0:03:04]} Qb6 {[%emt 0:00:56]} 30. b3 {[%emt 0:02:39]} Qb4 {[%emt 0:00:51]} 1/2-1/2

[Event "3rd HoliCup Lake City 2019"]
[Site "Udaipur"]
[Date "2019.03.29"]
[Round "4.12"]
[White "Govind, Prabhu Mah"]
[Black "Sarthak, Rawat"]
[Result "1/2-1/2"]
[WhiteElo "1558"]
[BlackElo "1883"]
[Annotator "NA"]
[PlyCount "135"]
[EventDate "2019.??.??"]
[EventCountry "IND"]
[SourceTitle "playchess.com"]
[Source "ChessBase"]
[SourceQuality "1"]
[TimeControl "5400+30"]

1. e4 {[%emt 0:00:09]} c5 {[%emt 0:00:00]} 2. c3 {[%emt 0:00:09]} d5 {[%emt 0:00:24]} 3. exd5 {[%emt 0:00:03]} Qxd5 {[%emt 0:00:19]} 4. d4 {[%emt 0:00:07]} cxd4 {[%emt 0:00:45]} 5. cxd4 {[%emt 0:00:40]} Nc6 {[%emt 0:00:59]} 6. Nf3 {[%emt 0:00:23]} Bg4 {[%emt 0:01:07]} 7. Be2 {[%emt 0:00:06]} Nf6 {[%emt 0:00:38]} 8. Nc3 {[%emt 0:00:33] B22: Sicilian: 2 c3} Qd8 {[%emt 0:02:31]} (8... Qa5 9. h3 Bh5 10. O-O e6 11. a3 Bd6 12. g4 Bg6 13. b4 Qd8 14. Bg5 Be7 15. b5 Na5 16. Ne5 Rc8 17. Nxg6 hxg6 18. Qd3 Rxc3 19. Qxc3 {0-1 (32) Buchnicek,P (2335)-Plischki,S (2436) Trebic 2013}) 9. d5 {[%emt 0:01:25]} Bxf3 {[%emt 0:01:12]} 10. Bxf3 {[%emt 0:00:52]} Ne5 {[%emt 0:00:37]} 11. Be2 {[%emt 0:00:34]} g6 {[%emt 0:05:13]} 12. O-O {[%emt 0:01:20]} Bg7 {[%emt 0:02:19]} 13. Qb3 $146 {[%emt 0:00:59]} ({Predecessor:} 13. Bf4 Ned7 14. Nb5 O-O 15. Bc7 Qe8 {1-0 (32) Pachon,A (2060)-Guerra Verano,D (1636) Medellin 2014}) 13... O-O {[%emt 0:09:09]} 14. Qxb7 {[%emt 0:02:47]} Rb8 {[%emt 0:00:25]} 15. Qxa7 {[%emt 0:00:45]} Nxd5 {[%emt 0:00:23]} 16. Qa3 {[%emt 0:29:19]} Nb4 {[%emt 0:05:35] [#]} (16... Nc6 $11) 17. Rd1 $1 {[%emt 0:06:46]} Qc7 {[%emt 0:07:20] [#]} 18. Qa4 $1 {[%emt 0:09:30]} Nec6 $18 {[%emt 0:03:02]} (18... Nbc6 $16 {was worth a try.} 19. Bb5 Rfd8) 19. Be3 {[%emt 0:01:36]} Ra8 {[%emt 0:05:03]} 20. Qb3 {[%emt 0:01:28]} Rfb8 {[%emt 0:01:49]} 21. Nb5 {[%emt 0:01:54]} Qe5 {[%emt 0:02:19]} 22. a3 {[%emt 0:01:47]} Qxb2 {[%emt 0:18:43]} 23. Qxb2 {[%emt 0:08:00]} Bxb2 {[%emt 0:00:05]} 24. Rab1 {[%emt 0:01:12]} Bxa3 {[%emt 0:00:05]} 25. Rb3 {[%emt 0:01:14]} Nc2 {[%emt 0:00:11]} 26. Bf3 {[%emt 0:06:01]} Ra6 {[%emt 0:11:35]} 27. Nxa3 {[%emt 0:02:46]} Rxb3 {[%emt 0:01:16]} 28. Nxc2 {[%emt 0:01:12]} Rb8 {[%emt 0:00:56]} 29. g3 {[%emt 0:02:28]} Ne5 {[%emt 0:00:45]} 30. Bg2 {[%emt 0:07:36]} Ng4 {[%emt 0:01:02]} 31. Bf4 {[%emt 0:03:55]} e5 {[%emt 0:01:45]} 32. Be3 {[%emt 0:05:21]} Rb2 {[%emt 0:02:20]} 33. Bf3 {[%emt 0:00:45]} Nxe3 {[%emt 0:01:35]} 34. Nxe3 {[%emt 0:00:10]} Rf6 {[%emt 0:01:08]} 35. Nc4 {[%emt 0:01:13]} Rb5 {[%emt 0:02:02]} 36. Kg2 {[%emt 0:00:47]} Kg7 {[%emt 0:04:40]} 37. Rd7 {[%emt 0:00:39]} Rb8 {[%emt 0:05:03]} 38. Nxe5 {[%emt 0:00:27]} Re8 {[%emt 0:00:10]} 39. Nd3 {[%emt 0:00:20]} Rfe6 {[%emt 0:00:25]} 40. Nf4 {[%emt 0:01:18]} R6e7 {[%emt 0:00:13]} 41. Rd6 {[%emt 0:00:06]} Rb8 {[%emt 0:00:31]} 42. h4 {[%emt 0:00:07]} h5 {[%emt 0:00:43]} 43. Nh3 {[%emt 0:01:23]} Rb2 {[%emt 0:01:16]} 44. Bc6 {[%emt 0:00:40]} Rb6 {[%emt 0:00:25]} 45. Rd7 {[%emt 0:00:03]} Rxd7 {[%emt 0:00:39]} 46. Bxd7 {[%emt 0:00:01]} Rd6 {[%emt 0:00:26]} 47. Bb5 {[%emt 0:00:05]} f6 {[%emt 0:00:58]} 48. Nf4 {[%emt 0:00:11]} Kh6 {[%emt 0:01:10]} 49. Be2 {[%emt 0:00:14]} Rb6 {[%emt 0:00:45]} 50. Nd5 {[%emt 0:00:45]} Rd6 {[%emt 0:00:29]} 51. Bf3 {[%emt 0:00:15]} g5 {[%emt 0:00:17]} 52. hxg5+ {[%emt 0:01:23]} fxg5 {[%emt 0:01:02]} 53. Be4 {[%emt 0:00:12]} g4 {[%emt 0:00:28]} 54. Ne3 {[%emt 0:01:45]} Kg5 {[%emt 0:00:07]} 55. Bd5 {[%emt 0:00:31]} Rf6 {[%emt 0:00:34]} 56. Bc4 {[%emt 0:00:10]} h4 {[%emt 0:00:59]} 57. gxh4+ {[%emt 0:00:06]} Kxh4 {[%emt 0:00:06]} 58. Be2 {[%emt 0:00:04]} Rf4 {[%emt 0:00:07]} 59. Nf1 {[%emt 0:00:39]} Rb4 {[%emt 0:00:48]} 60. Ng3 {[%emt 0:00:24]} Ra4 {[%emt 0:00:24]} 61. Bd3 {[%emt 0:01:09]} Ra3 {[%emt 0:00:24]} 62. Be4 {[%emt 0:00:27]} Ra4 {[%emt 0:01:03]} 63. Bc6 {[%emt 0:00:10]} Ra3 {[%emt 0:00:16]} 64. Bd7 {[%emt 0:00:26]} Ra7 {[%emt 0:00:39]} 65. Be6 {[%emt 0:00:10]} Ra6 {[%emt 0:00:31]} 66. Bc4 {[%emt 0:00:45]} Ra3 {[%emt 0:00:34]} 67. Nf5+ {[%emt 0:00:06]} Kg5 {[%emt 0:00:03]} 68. Ne3 1/2-1/2

[Event "3rd HoliCup Lake City 2019"]
[Site "Udaipur"]
[Date "2019.03.29"]
[Round "4.13"]
[White "Awadh, Chaitanya"]
[Black "Mokashi, Rohit"]
[Result "1-0"]
[WhiteElo "1882"]
[BlackElo "1615"]
[Annotator "NA RC"]
[PlyCount "31"]
[EventDate "2019.??.??"]
[EventCountry "IND"]
[SourceTitle "playchess.com"]
[Source "ChessBase"]
[SourceQuality "1"]
[TimeControl "5400+30"]

1. e4 {[%emt 0:00:08]} c6 {[%emt 0:00:00]} 2. d4 {[%emt 0:00:20]} d5 {[%emt 0:00:00]} 3. exd5 {[%emt 0:00:09]} cxd5 {[%emt 0:00:05]} 4. Bd3 {[%emt 0:00:06]} Nc6 {[%emt 0:00:22]} 5. c3 {[%emt 0:00:09]} Qc7 {[%emt 0:00:37]} 6. Ne2 {[%emt 0:00:18]} Bg4 {[%emt 0:01:08]} 7. f3 {[%emt 0:00:18]} Bh5 {[%emt 0:00:14]} 8. Bf4 {[%emt 0:01:23]} e5 {[%emt 0:01:54]} 9. dxe5 {[%emt 0:00:11]} Nxe5 {[%emt 0:00:14]} 10. Bb5+ {[%emt 0:00:08]} Ke7 {[%emt 0:02:55]} 11. Qxd5 {[%emt 0:02:18]} f6 {[%emt 0:00:50]} 12. Be3 {[%emt 0:05:58]} Rc8 {[%emt 0:02:25]} 13. Nd4 {[%emt 0:03:03]} Bg6 {[%emt 0:03:17]} 14. O-O {[%emt 0:06:34]} Nh6 {[%emt 0:00:48]} 15. Bxh6 {[%emt 0:01:12]} Qb6 {[%emt 0:04:32]} 16. Be3 {[%emt 0:03:13]} 1-0

[Event "3rd HoliCup Lake City 2019"]
[Site "Udaipur"]
[Date "2019.03.29"]
[Round "4.14"]
[White "Kadam, Rishi R"]
[Black "Shubham"]
[Result "1-0"]
[WhiteElo "1553"]
[BlackElo "1880"]
[Annotator "NA"]
[PlyCount "85"]
[EventDate "2019.??.??"]
[EventCountry "IND"]
[SourceTitle "playchess.com"]
[Source "ChessBase"]
[SourceQuality "1"]
[TimeControl "5400+30"]

1. e4 {[%emt 0:00:00]} c5 {[%emt 0:02:13]} 2. Nf3 {[%emt 0:00:00]} d6 {[%emt 0:00:31]} 3. c3 {[%emt 0:00:33]} Nf6 {[%emt 0:00:22]} 4. h3 {[%emt 0:00:07]} e6 {[%emt 0:00:54]} 5. Bd3 {[%emt 0:01:26]} Be7 {[%emt 0:00:39] B50: Sicilian: 2...d6, Miscellaneous} (5... d5 6. e5 Nfd7 7. O-O Nc6 8. Re1 Qc7 9. Qe2 Rb8 10. Bc2 b5 11. d3 b4 12. c4 Nb6 13. Nbd2 {1-0 (42) Petrosian,T (2636)-Zhou,J (2636) Martuni 2011 CBM 144 [Nadanian,A]}) 6. Bc2 {[%emt 0:00:09]} O-O {[%emt 0:00:17]} 7. O-O {[%emt 0:00:06]} Qc7 {[%emt 0:00:35]} 8. d3 $146 {[%emt 0:00:35]} ({Predecessor:} 8. Re1 Nbd7 9. d4 e5 10. Nbd2 Re8 11. Nf1 Rb8 12. Ng3 g6 13. Bh6 {1-0 (62) Vera Siguenas,D (2535)-Alboredo,J (2049) Florianopolis 2017}) 8... b6 {[%emt 0:00:50]} 9. Be3 {[%emt 0:02:46]} Bb7 {[%emt 0:00:50]} 10. Nbd2 {[%emt 0:00:29]} Nbd7 {[%emt 0:00:26]} 11. Re1 {[%emt 0:03:24]} Rfe8 {[%emt 0:02:25]} 12. Nf1 {[%emt 0:09:09]} Rad8 {[%emt 0:05:36]} 13. Ng3 {[%emt 0:01:50]} d5 {[%emt 0:00:17]} 14. e5 {[%emt 0:03:26]} Nxe5 {[%emt 0:00:14]} 15. Nxe5 {[%emt 0:00:06]} Qxe5 {[%emt 0:00:04]} 16. Bxc5 {[%emt 0:00:15]} Qc7 {[%emt 0:00:07]} 17. Bxe7 {[%emt 0:00:24]} Rxe7 {[%emt 0:01:26]} 18. d4 {[%emt 0:00:11]} b5 {[%emt 0:00:54]} 19. Qd3 {[%emt 0:03:15]} Qc4 {[%emt 0:05:39]} 20. Qf3 {[%emt 0:12:31]} Rc7 {[%emt 0:02:05]} 21. Bd3 {[%emt 0:00:57]} Qc6 {[%emt 0:01:30]} 22. Nh5 {[%emt 0:01:04]} Nxh5 {[%emt 0:00:29]} 23. Qxh5 {[%emt 0:00:08]} g6 {[%emt 0:00:04]} 24. Qg5 {[%emt 0:00:27]} Rdc8 {[%emt 0:00:46]} 25. h4 {[%emt 0:01:04]} b4 {[%emt 0:01:24]} 26. cxb4 {[%emt 0:20:08]} Qb6 {[%emt 0:04:20]} 27. Qe5 {[%emt 0:00:57]} Qxb4 {[%emt 0:00:53]} 28. h5 {[%emt 0:02:06]} Qd2 {[%emt 0:00:40]} 29. Rad1 {[%emt 0:03:16]} Qh6 {[%emt 0:03:35]} 30. hxg6 {[%emt 0:00:18]} hxg6 {[%emt 0:00:12]} 31. g3 {[%emt 0:03:11]} Qh3 {[%emt 0:01:47]} 32. Qf4 {[%emt 0:01:35]} Kh7 {[%emt 0:03:36]} 33. Rc1 {[%emt 0:06:40]} Qh6 {[%emt 0:02:32]} 34. Qxc7 {[%emt 0:03:02]} Rxc7 {[%emt 0:00:01]} 35. Rc2 Rc6 36. Rxc6 {[%emt 0:00:37]} Qe3 37. Rc7 Qd2 {[%emt 0:01:08]} 38. Re3 {[%emt 0:00:33]} Qxb2 {[%emt 0:02:35]} 39. Rxf7+ {[%emt 0:00:18]} Kg8 {[%emt 0:01:03]} 40. Ref3 {[%emt 0:02:18]} Bc6 {[%emt 0:02:43]} 41. Rf8+ {[%emt 0:01:57]} Kg7 {[%emt 0:00:13]} 42. R3f7+ {[%emt 0:00:14]} Kh6 {[%emt 0:00:02]} 43. Rg8 {[%emt 0:00:29]} 1-0

[Event "3rd HoliCup Lake City 2019"]
[Site "Udaipur"]
[Date "2019.03.29"]
[Round "4.15"]
[White "Dhiraj, Patil"]
[Black "Hitesh, S. Jariya"]
[Result "1-0"]
[WhiteElo "1425"]
[BlackElo "1871"]
[Annotator "NA"]
[PlyCount "65"]
[EventDate "2019.??.??"]
[EventCountry "IND"]
[SourceTitle "playchess.com"]
[Source "ChessBase"]
[SourceQuality "1"]
[TimeControl "5400+30"]

1. d4 {[%emt 0:00:00]} Nf6 {[%emt 0:00:54]} 2. Bg5 {[%emt 0:00:00]} c5 {[%emt 0:00:28]} 3. d5 {[%emt 0:00:02]} Ne4 {[%emt 0:00:38]} 4. Bf4 {[%emt 0:00:17]} e6 {[%emt 0:00:36]} 5. dxe6 {[%emt 0:02:25]} (5. f3 Qa5+ 6. c3 Nf6 7. e4 exd5 8. exd5 d6 9. Na3 Be7 10. Ne2 O-O 11. Ng3 Re8 12. Be2 Bf8 13. O-O a6 14. Nc4 Qc7 15. a4 b6 16. Ne3 {½-½ (49) Andreikin,D (2743)-Marin,M (2576) Almaty 2016}) 5... fxe6 {[%emt 0:02:27]} 6. Nd2 {[%emt 0:02:54] A45: Trompowsky Attack} Qf6 {[%emt 0:07:45]} 7. Nxe4 {[%emt 0:00:14]} Qxf4 {[%emt 0:00:19]} 8. Nc3 $146 {[%emt 0:01:39]} ({Predecessor:} 8. Qd3 d5 9. Ng3 Qb4+ 10. Qc3 Qxc3+ 11. bxc3 Be7 12. e3 Bf6 {0-1 (31) Leppert,H (1822)-Pajeken,W (2326) Bad Zwischenahn 2003}) 8... Be7 {[%emt 0:02:19]} 9. e3 {[%emt 0:00:39]} Qb4 {[%emt 0:01:09]} 10. Rb1 {[%emt 0:01:35]} O-O {[%emt 0:07:06]} 11. a3 {[%emt 0:02:22]} Qa5 {[%emt 0:01:55]} 12. Bd3 {[%emt 0:00:36]} Bf6 {[%emt 0:02:31]} 13. Qd2 {[%emt 0:03:01]} Nc6 {[%emt 0:01:54]} 14. Nf3 {[%emt 0:02:38]} d5 {[%emt 0:02:35]} 15. O-O {[%emt 0:00:27]} c4 {[%emt 0:03:19]} 16. Be2 {[%emt 0:02:50]} Bxc3 {[%emt 0:00:18]} 17. Qxc3 {[%emt 0:00:33]} Qxc3 {[%emt 0:00:12]} 18. bxc3 {[%emt 0:00:05]} b6 {[%emt 0:02:39]} 19. Nd4 {[%emt 0:00:19]} Bd7 {[%emt 0:01:58]} 20. Bg4 {[%emt 0:00:34]} Rae8 {[%emt 0:00:35]} 21. f4 {[%emt 0:01:53]} Nb8 {[%emt 0:05:03]} 22. Nf3 {[%emt 0:01:46]} Na6 {[%emt 0:00:56]} 23. Ne5 {[%emt 0:00:44]} Ba4 {[%emt 0:02:07]} 24. Rf2 {[%emt 0:00:58]} Nc5 {[%emt 0:01:07]} 25. Bf3 {[%emt 0:00:19]} Re7 {[%emt 0:03:31]} 26. Rb4 {[%emt 0:01:16]} Be8 {[%emt 0:00:36]} 27. h4 {[%emt 0:01:20]} Na4 {[%emt 0:01:11]} 28. Rxa4 {[%emt 0:05:53]} Bxa4 {[%emt 0:00:41]} 29. g3 {[%emt 0:00:52]} Rc7 {[%emt 0:05:42]} 30. Rd2 $19 {[%emt 0:00:14]} Rd8 {[%emt 0:02:56]} 31. Kf2 {[%emt 0:00:19]} Be8 {[%emt 0:01:11]} 32. Ke2 {[%emt 0:00:15]} Bf7 {[%emt 0:01:45]} 33. Rd1 {[%emt 0:01:25]} 1-0

[Event "3rd HoliCup Lake City 2019"]
[Site "Udaipur"]
[Date "2019.03.29"]
[Round "4.16"]
[White "Nanda, Kumar T.S."]
[Black "Gupta, Dinesh"]
[Result "1-0"]
[WhiteElo "1846"]
[BlackElo "1593"]
[Annotator "NA"]
[PlyCount "81"]
[EventDate "2019.??.??"]
[EventCountry "IND"]
[SourceTitle "playchess.com"]
[Source "ChessBase"]
[SourceQuality "1"]
[TimeControl "5400+30"]

1. e4 {[%emt 0:00:10]} c5 {[%emt 0:00:00]} 2. Nf3 {[%emt 0:00:26]} d6 {[%emt 0:00:00]} 3. Bb5+ {[%emt 0:00:52]} Nc6 {[%emt 0:00:00]} 4. O-O {[%emt 0:00:15]} e6 {[%emt 0:00:06]} 5. c3 {[%emt 0:00:11]} a6 {[%emt 0:00:28]} 6. Bxc6+ {[%emt 0:02:01]} bxc6 7. d4 d5 {[%emt 0:01:29]} 8. exd5 {[%emt 0:02:32]} cxd5 {[%emt 0:00:04]} 9. Ne5 {[%emt 0:01:30]} Nf6 {[%emt 0:00:33]} 10. Bg5 {[%emt 0:00:27]} h6 {[%emt 0:01:47]} 11. Bh4 {[%emt 0:06:46]} Qb6 {[%emt 0:00:49]} 12. Na3 {[%emt 0:14:16]} Bd6 {[%emt 0:01:03]} 13. Rb1 {[%emt 0:11:50]} Nd7 {[%emt 0:06:26]} 14. Qg4 {[%emt 0:09:37]} Nxe5 {[%emt 0:02:10]} 15. dxe5 {[%emt 0:00:56]} Bxe5 $16 {[%emt 0:05:38] [#]} (15... Bf8 $1 $11 {remains equal.}) 16. f4 $1 {[%emt 0:00:23]} h5 {[%emt 0:06:53]} 17. Qg3 {[%emt 0:03:05]} Bf6 {[%emt 0:00:29]} 18. Bxf6 {[%emt 0:00:11]} gxf6 {[%emt 0:00:01]} 19. Qg7 {[%emt 0:00:18]} Rf8 {[%emt 0:00:07]} 20. Qxf6 {[%emt 0:00:35]} Qd8 {[%emt 0:00:05]} 21. Qh6 {[%emt 0:01:58]} Qh4 {[%emt 0:01:31]} 22. f5 {[%emt 0:02:22]} Rg8 {[%emt 0:02:27]} 23. fxe6 {[%emt 0:08:03]} Bxe6 {[%emt 0:01:38]} 24. Rbe1 {[%emt 0:01:08]} Qg4 {[%emt 0:04:29]} 25. Rf2 {[%emt 0:03:01]} O-O-O {[%emt 0:01:04]} 26. Qd2 {[%emt 0:05:59]} d4 {[%emt 0:01:38]} 27. c4 {[%emt 0:02:59]} Rd6 {[%emt 0:02:21]} 28. b4 {[%emt 0:03:49]} Qg5 {[%emt 0:00:59]} 29. bxc5 {[%emt 0:02:58]} Qxc5 {[%emt 0:00:46]} 30. Nc2 {[%emt 0:02:31]} d3 {[%emt 0:01:06]} 31. Ne3 {[%emt 0:00:54]} Rgd8 {[%emt 0:02:05]} 32. Kh1 {[%emt 0:00:34]} h4 {[%emt 0:00:10]} 33. h3 {[%emt 0:00:59]} Kb7 {[%emt 0:06:50]} 34. Rf4 {[%emt 0:02:23]} Rd4 {[%emt 0:06:23]} 35. Rb1+ {[%emt 0:00:41]} Kc7 {[%emt 0:10:58]} 36. Rxd4 {[%emt 0:01:26]} Qxd4 {[%emt 0:07:43]} 37. Qa5+ {[%emt 0:00:10]} Kd7 {[%emt 0:00:27]} 38. Rb7+ {[%emt 0:01:57]} Ke8 {[%emt 0:00:23]} 39. Qg5 {[%emt 0:00:34]} Kf8 {[%emt 0:01:26]} 40. Nd5 {[%emt 0:00:40]} Re8 {[%emt 0:07:43]} 41. Nf6 {[%emt 0:01:00]} 1-0

[Event "3rd HoliCup Lake City 2019"]
[Site "Udaipur"]
[Date "2019.03.29"]
[Round "4.17"]
[White "Sanchit, Anand"]
[Black "Khedkar, Prasad"]
[Result "1-0"]
[WhiteElo "1817"]
[BlackElo "1545"]
[Annotator "NA"]
[PlyCount "71"]
[EventDate "2019.??.??"]
[EventCountry "IND"]
[SourceTitle "playchess.com"]
[Source "ChessBase"]
[SourceQuality "1"]
[TimeControl "5400+30"]

1. e4 {[%emt 0:00:00]} c6 {[%emt 0:00:00]} 2. d4 {[%emt 0:00:00]} d5 {[%emt 0:00:00]} 3. exd5 {[%emt 0:00:00]} cxd5 {[%emt 0:00:00]} 4. Bd3 {[%emt 0:00:15]} Nc6 {[%emt 0:00:00]} 5. c3 {[%emt 0:00:08]} Nf6 {[%emt 0:00:03]} 6. Bf4 {[%emt 0:00:10]} g6 {[%emt 0:01:06]} 7. Nf3 {[%emt 0:00:39]} Bg7 {[%emt 0:03:36]} 8. O-O {[%emt 0:00:12]} Nh5 {[%emt 0:01:39] B13: Caro-Kann: Exchange Variation and Panov-Botvinnik Attack} (8... O-O 9. Ne5 Bf5 10. Bxf5 gxf5 11. Nd2 e6 12. Nd3 Kh8 13. h3 Rg8 14. Kh1 Ne4 15. f3 Nxd2 16. Qxd2 Ne7 17. g4 Ng6 18. gxf5 Nxf4 19. Qxf4 {½-½ (34) Kovalev,V (2636)-Popov,I (2609) Sochi 2017}) 9. Be3 {[%emt 0:02:18]} O-O {[%emt 0:07:26]} 10. h3 {[%emt 0:07:48]} b6 $146 {[%emt 0:08:05]} ({Predecessor:} 10... e5 11. dxe5 Nxe5 12. Nxe5 Bxe5 13. Qa4 Qc7 14. Nd2 Bd7 15. Bb5 Be6 16. Nf3 Bg7 17. Nd4 {½-½ (75) Ranic,V (1953)-Georgieva,E (1851) Paracin 2016}) 11. Re1 {[%emt 0:01:48]} Bb7 {[%emt 0:00:13]} 12. Qd2 {[%emt 0:02:35]} Re8 {[%emt 0:01:42]} 13. Bh6 {[%emt 0:00:18]} Bh8 {[%emt 0:01:44]} 14. Na3 {[%emt 0:06:49]} a6 {[%emt 0:10:42]} 15. Nc2 {[%emt 0:00:30]} Rc8 {[%emt 0:04:47]} ({Better is} 15... e5 $14) 16. Ne5 {[%emt 0:04:25]} Nxe5 {[%emt 0:14:33]} (16... Ra8 $16) 17. dxe5 {[%emt 0:00:16]} Ng7 {[%emt 0:05:12]} 18. Nd4 {[%emt 0:09:05]} Ne6 $2 {[%emt 0:01:14]} (18... b5 {was called for.} 19. a4 bxa4 20. Rxa4 Qd7) 19. Nxe6 {[%emt 0:05:50]} fxe6 {[%emt 0:00:01]} 20. Qg5 {[%emt 0:00:40]} Kf7 {[%emt 0:01:07]} 21. Qf4+ {[%emt 0:01:12]} Kg8 {[%emt 0:00:13]} 22. Re3 {[%emt 0:06:20]} Bg7 {[%emt 0:06:44]} 23. h4 {[%emt 0:10:12]} Rf8 {[%emt 0:03:32]} 24. Qg5 {[%emt 0:00:15]} d4 {[%emt 0:03:39] [#]} 25. Rg3 $18 {[%emt 0:06:53]} Qe8 {[%emt 0:09:28]} 26. h5 {[%emt 0:01:53]} Rf5 {[%emt 0:08:00]} 27. Bxf5 {[%emt 0:02:23]} exf5 {[%emt 0:00:02]} 28. Bxg7 {[%emt 0:01:41]} Kxg7 {[%emt 0:00:16]} 29. hxg6 {[%emt 0:02:38]} hxg6 {[%emt 0:00:01]} 30. cxd4 {[%emt 0:03:18]} Qf7 {[%emt 0:00:40]} 31. Rc1 {[%emt 0:00:31]} f4 {[%emt 0:05:13]} 32. Rgc3 {[%emt 0:00:31]} Re8 {[%emt 0:02:45]} 33. Rc7 {[%emt 0:01:26]} Be4 {[%emt 0:00:13]} 34. e6 {[%emt 0:01:28]} Qxe6 {[%emt 0:00:42]} 35. Qxf4 {[%emt 0:00:31]} Kg8 {[%emt 0:01:12]} 36. Re1 {[%emt 0:00:52]} 1-0

[Event "3rd HoliCup Lake City 2019"]
[Site "Udaipur"]
[Date "2019.03.29"]
[Round "4.18"]
[White "Palit, Somak"]
[Black "Amit, Bhargava"]
[Result "1-0"]
[WhiteElo "2330"]
[BlackElo "1378"]
[Annotator "TA"]
[PlyCount "91"]
[EventDate "2019.??.??"]
[EventCountry "IND"]
[SourceTitle "playchess.com"]
[Source "ChessBase"]
[SourceQuality "1"]

{[%evp 10,91,31,20,52,50,87,77,87,76,101,94,89,90,152,143,161,156,144,143,192,158,172,174,166,165,232,225,191,112,355,354,395,425,405,415,422,407,417,390,425,410,350,281,496,508,605,604,569,578,736,719,872,868,1635,1552,1285,974,1281,1238,29979,29980,29991,29992,29992,29992,29992,29993,29993,29993,29993,29989,29997,29988,29988,29989,29989,29990,29999,29989,29989,29990,29990,29991]} 1. e4 e5 2. Nf3 Nf6 3. Bc4 Nc6 4. d3 h6 5. O-O d6 6. c3 Bg4 {C55: Two Knights: 4 d3, 4 d4 exd4 5 e5 and Max Lange Attack} (6... g5 7. Nbd2 Bg7 8. Bb3 O-O 9. Nc4 d5 10. Ncxe5 dxe4 11. dxe4 Nxe5 12. Nxe5 Qxd1 13. Rxd1 Nxe4 14. Nd3 {½-½ (34) Giri,A (2783)-Matlakov,M (2700) St Petersburg 2018}) 7. h3 Bxf3 8. Qxf3 Qd7 {White is better.} 9. a4 $146 ({Predecessor:} 9. b4 O-O-O 10. Nd2 d5 11. exd5 Nxd5 12. Bb2 Nf4 13. Nb3 {1-0 (28) Schumacher,K (1934)-Steingraeber,B (1730) DESC email 2002}) 9... a6 10. Rd1 Qe7 11. b4 g5 (11... g6 $142) 12. Na3 Bg7 13. Nc2 Nd7 14. Ne3 {Black must now prevent Nd5.} Nb6 15. Bb3 Qf6 16. Qe2 Ne7 17. d4 h5 (17... Qg6 $142 18. f3 O-O) 18. a5 $18 Nd7 19. Ba4 ({White should try} 19. b5 $18) 19... c6 $2 (19... g4 $16 {might work better.}) 20. d5 g4 21. dxc6 bxc6 22. Nc4 d5 23. exd5 Nxd5 {[#]} 24. Rxd5 $1 {[%mdl 512]} cxd5 25. Nb6 {[%mdl 64] Double Attack} Rd8 26. hxg4 (26. Bxd7+ Rxd7 27. Qxa6 (27. Nxd7 Kxd7 28. hxg4 e4 $16) 27... O-O $16) (26. Qxa6 O-O $16) 26... Qe6 $2 (26... Qg6 27. Qxa6 (27. Bxd7+ Rxd7 28. Qxa6 Rd8 $16) 27... O-O 28. Bxd7 Rxd7 29. gxh5 Qe6) 27. gxh5 ({Weaker is} 27. Nxd7 Rxd7 28. gxh5 e4 $18) 27... Ke7 28. Bxd7 Rxd7 29. Nxd7 Qxd7 30. Bg5+ Kf8 31. Qxa6 Rxh5 32. Qa8+ Qe8 33. Qxe8+ Kxe8 34. a6 {White wants to mate with a7.} Rxg5 {[%mdl 4096] Endgame KRB-KR} 35. a7 {White mates.} e4 36. a8=Q+ Ke7 37. Qb7+ Ke6 38. Ra6+ Kf5 39. Qxf7+ Kg4 40. Rg6 Bxc3 41. Rxg5+ Kxg5 42. Qxd5+ {[%mdl 64] [#] Double Attack} Kf4 43. g3+ Kf3 44. Qf5+ Ke2 45. Qxe4+ Kd2 46. b5 {Accuracy: White = 94%, Black = 29%.} 1-0